Gaming Quiz

Random Gaming or Animation Quiz

Pokémon by Tail (Gen. I) Quiz Stats

 Plays Quiz Updated Apr 9, 2016

Challenge
Share
Tweet
Score 0/20 Timer 03:00
3 Plays Today
% Correct
Slowpoke
91.9%
Vulpix
91.9%
Charmeleon
90.1%
Ekans
88.1%
Seel
87.5%
Pikachu
87%
Caterpie
84.8%
Squirtle
84.5%
Onix
83.3%
Mewtwo
80.8%
% Correct
Dragonair
80.2%
Rattata
79.5%
Tauros
77.9%
Meowth
77.4%
Abra
75.8%
Vaporeon
74.3%
Pidgey
72%
Rhydon
70.6%
Magmar
68.7%
Porygon
65.6%

You're not logged in!

Compare scores with friends on all Sporcle quizzes.
Join for Free
OR
Log In

You Might Also Like...

Show Comments

Extras

Top Quizzes Today


Score Distribution

Your Account Isn't Verified!

In order to create a playlist on Sporcle, you need to verify the email address you used during registration. Go to your Sporcle Settings to finish the process.

Report this User

Report this user for behavior that violates our Community Guidelines.

Details: